<?xml version="1.0" encoding="UTF-8"?>
<record
    xmlns:xsi="http://www.w3.org/2001/XMLSchema-instance"
    xsi:schemaLocation="http://www.loc.gov/MARC21/slim http://www.loc.gov/standards/marcxml/schema/MARC21slim.xsd"
    xmlns="http://www.loc.gov/MARC21/slim">

  <leader>00709nam a22001937a 4500</leader>
  <controlfield tag="008">160318b        xxu||||| |||| 00| 0 eng d</controlfield>
  <datafield tag="020" ind1=" " ind2=" ">
    <subfield code="a">0300205442</subfield>
  </datafield>
  <datafield tag="040" ind1=" " ind2=" ">
    <subfield code="a">KABU</subfield>
    <subfield code="c">KABU</subfield>
  </datafield>
  <datafield tag="050" ind1=" " ind2=" ">
    <subfield code="a">ML410</subfield>
    <subfield code="b">.B47 2013</subfield>
  </datafield>
  <datafield tag="245" ind1=" " ind2=" ">
    <subfield code="a">The Leonard Bernstein Letters</subfield>
    <subfield code="c">edited by Nigel Simeone</subfield>
  </datafield>
  <datafield tag="260" ind1=" " ind2=" ">
    <subfield code="a">New Haven </subfield>
    <subfield code="b">university press publication</subfield>
    <subfield code="c">2013</subfield>
  </datafield>
  <datafield tag="300" ind1=" " ind2=" ">
    <subfield code="a">xviii, 606p.</subfield>
  </datafield>
  <datafield tag="600" ind1=" " ind2=" ">
    <subfield code="a">Bernstein, leonard </subfield>
    <subfield code="d">1918-1990</subfield>
    <subfield code="v">correspondence</subfield>
  </datafield>
  <datafield tag="650" ind1=" " ind2=" ">
    <subfield code="a">Musicians</subfield>
    <subfield code="v">correspondences</subfield>
    <subfield code="z">United States </subfield>
  </datafield>
  <datafield tag="650" ind1=" " ind2=" ">
    <subfield code="a">Conductors (Music)</subfield>
    <subfield code="v">correspondences</subfield>
    <subfield code="z">United States </subfield>
  </datafield>
  <datafield tag="650" ind1=" " ind2=" ">
    <subfield code="a">conductors</subfield>
    <subfield code="x">united states correspondences</subfield>
  </datafield>
  <datafield tag="700" ind1=" " ind2=" ">
    <subfield code="a">Simeone, Nigel</subfield>
  </datafield>
  <datafield tag="942" ind1=" " ind2=" ">
    <subfield code="2">lcc</subfield>
    <subfield code="c">BK</subfield>
    <subfield code="h">ML410 .B47 2013 C.1</subfield>
  </datafield>
  <datafield tag="999" ind1=" " ind2=" ">
    <subfield code="c">15843</subfield>
    <subfield code="d">15843</subfield>
  </datafield>
  <datafield tag="952" ind1=" " ind2=" ">
    <subfield code="0">0</subfield>
    <subfield code="1">0</subfield>
    <subfield code="2">lcc</subfield>
    <subfield code="7">0</subfield>
    <subfield code="a">KABU</subfield>
    <subfield code="b">KABU</subfield>
    <subfield code="c">GEN</subfield>
    <subfield code="d">2016-03-18</subfield>
    <subfield code="g">3304.00</subfield>
    <subfield code="l">2</subfield>
    <subfield code="o">ML410 .B47 2013 C.1</subfield>
    <subfield code="p">026453</subfield>
    <subfield code="r">2022-08-03 00:00:00</subfield>
    <subfield code="s">2022-08-02</subfield>
    <subfield code="t">C.1</subfield>
    <subfield code="w">2016-03-18</subfield>
    <subfield code="y">BK</subfield>
  </datafield>
</record>
